US State Mammals - Statistics

General Stats
  • This quiz has been taken 13 times
  • The average score is 29 of 59
Answer Stats
Hint Answer % Correct
Oklahoma (Land) (name any of the three) American Bison / Mexican Free-Tailed Bat / White-Tailed Deer
100%
Kansas (Land) American Bison
90%
Wyoming (Land) American Bison
90%
New York (Amphibious) North American Beaver
90%
Oregon (Amphibious) North American Beaver
90%
Wisconsin (Wild, Land) (name either) American Badger / White-Tailed Deer
80%
California (Land) (Locally Extinct) Grizzly Bear
80%
Montana (Land) Grizzly Bear
80%
Alaska (Land) Moose
80%
Maine (Wild, Land) Moose
80%
Wisconsin (Domestic, Land) Dairy Cow
70%
Texas (Domestic, Land) Longhorn
70%
Vermont (Domestic, Land) Randall Lineback
70%
New Hampshire (Land) (name either) Bobcat / White-Tailed Deer
60%
Tennessee (Land) Raccoon
60%
Mississippi (Land) (name either) Red Fox / White-Tailed Deer
60%
Utah (Land) Wapiti
60%
Arkansas White-Tailed Deer
60%
Georgia (Land) White-Tailed Deer
60%
Illinois (Land) White-Tailed Deer
60%
Michigan (Land) White-Tailed Deer
60%
Nebraska (Land) White-Tailed Deer
60%
Ohio (Land) White-Tailed Deer
60%
Pennsylvania (Land) White-Tailed Deer
60%
South Carolina (Wild, Land) White-Tailed Deer
60%
Alabama (Land) Black Bear
50%
Louisiana (Land) Black Bear
50%
New Mexico (Land) Black Bear
50%
West Virginia (Land) Black Bear
50%
Florida (Land) Florida Panther
50%
Colorado (Land) Bighorn Sheep
40%
Nevada (Land) Bighorn Sheep
40%
Rhode Island (Water) Harbor Seal
40%
Hawaii (Water) (name either) Hawaiian Monk Seal / Humpback Whale
40%
Alabama (Water) West Indian Manatee
40%
Florida (Water) (name either) West Indian Manatee / Atlantic Bottlenose Dolphin
40%
Texas (Wild, Land) (name either) Armadillo / Mexican Free-Tailed Bat
30%
Mississippi (Water) Atlantic Bottlenose Dolphin
30%
South Carolina (Water) (name either) Atlantic Bottlenose Dolphin / North Atlantic Right Whale
30%
Kentucky (Land) Eastern Gray Squirrel
30%
North Carolina (name either) Eastern Gray Squirrel / Virginia Opossum
30%
Delaware (Land) Gray Fox
30%
California (Water) Gray Whale
30%
Missouri (Domestic, Land) Mule
30%
South Carolina (Domestic, Land) Mule
30%
Washington (Water) Orca
30%
Arizona Ringtail
30%
Connecticut (Water) Sperm Whale
30%
District of Columbia (Land) Big Brown Bat
20%
Alaska (Water) Bowhead Whale
20%
Maryland (Domestic, Land) Calico Cat
20%
South Dakota (Land) Coyote
20%
Hawaii (Land) Hawaiian Hoary Bat
20%
Maine (Domestic, Land) Maine Coon
20%
Georgia (Water) North Atlantic Right Whale
20%
Massachusetts (Water) North Atlantic Right Whale
20%
Washington (Land) Olympic Marmot
20%
Massachusetts (Domestic, Land) Tabby
20%
Virginia (Land) Virginia Big-Eared Bat
20%
No matching quizzes found
Score Distribution
Percent of People with Each Score
Percentile by Number Answered
Your Score History
You have not taken this quiz